Cero-ocho quince : (Record no. 78991)

MARC details
000 -LEADER
campo de control de longitud fija 00880nam a2200229 i 4500
001 - NÚMERO DE CONTROL
campo de control 78991
003 - IDENTIFICADOR DE NÚMERO DE CONTROL
campo de control ES-MaACL
005 - FECHA Y HORA DE LA ÚLTIMA TRANSACCIÓN
campo de control 20230906173854.0
007 - CAMPO FIJO DE DESCRIPCIÓN FÍSICA--INFORMACIÓN GENERAL
campo de control de longitud fija t|
008 - DATOS DE LONGITUD FIJA--INFORMACIÓN GENERAL
campo de control de longitud fija 041018m19551957sp ||||1| spa d
100 1# - ENTRADA PRINCIPAL--NOMBRE DE PERSONA
Nombre de persona Kirst, Hans Hellmut.
9 (RLIN) 68145
245 10 - MENCIÓN DEL TÍTULO
Título Cero-ocho quince :
Resto del título [trilogía] /
Mención de responsabilidad, etc. Hans Hellmut Kirst ; [traducción de alemán por E. Donato y Prunera].
250 ## - MENCION DE EDICION
Mención de edición 1ª ed.
260 ## - PUBLICACIÓN, DISTRIBUCIÓN, ETC.
Lugar de publicación, distribución, etc. Barcelona :
Nombre del editor, distribuidor, etc. Destino,
Fecha de publicación, distribución, etc. 1955-1957 (
Fabricante Agustín Núñez)
300 ## - DESCRIPCIÓN FÍSICA
Extensión 3 v. ;
Dimensiones 19 cm.
505 8# - NOTA DE CONTENIDO CON FORMATO
Nota de contenido con formato Contiene: 1. La original rebelión del cabo Asch - 2. Aventuras bélicas del sargento Asch - 3. La última rebelión del teniente Asch
700 1# - ENTRADA AGREGADA--NOMBRE PERSONAL
Nombre de persona Donato Prunera, E.
9 (RLIN) 45296
740 32 - ENTRADA AGREGADA--TÍTULO RELACIONADO/ANALÍTICO NO CONTROLADO
Título relacionado o analítico no controlado La original rebelión del cabo Asch.
740 02 - ENTRADA AGREGADA--TÍTULO RELACIONADO/ANALÍTICO NO CONTROLADO
Título relacionado o analítico no controlado Aventuras bélicas del sargento Asch.
740 32 - ENTRADA AGREGADA--TÍTULO RELACIONADO/ANALÍTICO NO CONTROLADO
Título relacionado o analítico no controlado La última rebelión del teniente Asch.
852 4# - LOCALIZACIÓN
Ubicación ES-MaACL
Número de control de estantería C-14275-77
Holdings
Estatus retirado Estado de pérdida Estado de daño No para préstamo Biblioteca de origen Biblioteca actual Ubicación en estantería Fecha de adquisición Fuente de adquisición Total de préstamos Signatura topográfica completa Código de barras Visto por última vez Precio de reemplazo Tipo de ítem Koha
        Biblioteca del Ateneo de Madrid Biblioteca del Ateneo de Madrid Sala Palomar 17/01/2008     C-14275-77 1082609 23/02/2023 23/02/2023 Libro impreso